02613nab a2200325 i 4500003000900000005001700009008004100026040001800067072001400085072000800099100001700107100001900124100001800143100001600161100001600177100001600193100002000209245009400229500006000323520152200383650001601905650000901921650001401930650001601944650002301960773019601983856007702179942001602256999001502272BR-BrBNA20230925103535.0230814b2020 bl.ar|pooa||| 00| 0 eng | aBR-BrBNAbeng aH60b0336 aF03 aGarcia, J.R. aVargas, A.A.M. aPerboni, L.T. aSouza, E.A. aTessaro, D. aLucio, F.R. aAgostinetto, D. aPhysiological attributes of Enlist E3™ soybean seed submitted to herbicides application aPublicação on-line; 22 ref.; 3 tables; Summary (En) a ABSTRACT Background: Enlist E3™ soybean is tolerant to 2,4-D, glyphosate and ammonium-glufosinate and were developed for effective management of herbicide resistant weeds such as glyphosate Herbicides, even being selective, can cause damage to crop metabolism, affect growth and development and interfere with seed physiological quality. Objective: The aim of this research was to evaluate the physiological quality of Enlist E3™ soybean seeds submitted to herbicide application. Methods: The field trial was carried out in a randomized block design with four replications. The treatments tested were 2,4-D choline + glyphosate, 2,4-D choline, glyphosate + 2,4-D amine and ammoniumglufosinate; and control without application, sprayed at V6 soybean growth stage. After harvest, the seeds were submitted to first germination count, accelerated aging, germination speed index, shoot and root length, shoot and root dry mass and electrical conductivity tests. Results: The management of Enlist E3 soybeans with Enlist herbicides (2,4-D choline + glyphosate and 2,4-D choline) as well as glyphosate + 2,4-D amine and glufosinate did not negatively impact soybean parameters such as: vigor, germination count, accelerated aging, germination speed, aerial part and primary root length, aerial part and root dry mass and electrical conductivity. Conclusions: Those herbicides can be recommended to be used on post emergence (V6) of Enlist E3 soybean. Keywords: Glycine max 2,4-D initial growth physiological quality aGLYCINE MAX aSOJA aHERBICIDA aCRESCIMENTO aFISIOLOGIA VEGETAL0 088691817dLondrina-PR : Sociedade Brasileira da Ciência das Plantas Daninhas, 1978o2023-031024tPlanta Daninha (Brazil)x0100-8358; 1806-9681 (on-line)gv. 38 p. 1-6; (2020)wBR2023000856 uhttps://www.scielo.br/j/pd/a/CPxxHT5Mss9hSSPXvpxn7yn/?format=pdf&lang=en cAnalítica c9803d9803